000 00700nam a2200193 u 4500
001 000783245
003 AM-YeHGA
005 20250617144038.0
008 110119s1971 ||| r 000 0 rus d
040 _aAM-YeHGA
041 1 _arus
_hkaz
100 1 _aМулдагалиев, Джубан.
245 1 0 _aТебе :
_bСтихи и поэма /
_cДжубан Мулдагалиев; Пер. с казах. Вл. Савельева; Оформление и гравюры А. Гурьева.
260 _aАлма-Ата :
_bЖазушы,
_c1971.
300 _a87 с. :
_bил.
653 0 _aКазахская поэзия
700 1 _aСавельев, Вл.
_eпер.
_4trl
090 _c288115
999 _c286450
_d286450